| 000 | 00801cam a22002533a 4500 | ||
|---|---|---|---|
| 001 | 31018 | ||
| 003 | PGUSA | ||
| 005 | 20140828083654.0 | ||
| 008 | 100119s2010||||xxu|||||s|||||000 | eng d | ||
| 040 |
_aPGUSA _beng |
||
| 042 | _adc | ||
| 050 | 4 | _aBS | |
| 100 | 1 |
_aWillard, J. H. _q(James Hartwell), _d1847- |
|
| 245 | 1 | 2 |
_aA Farmer's Wife : _bThe Story of Ruth _h[electronic resource] / _cJ. H. Willard |
| 260 |
_bProject Gutenberg, _c2010 |
||
| 506 | _aPublic domain in the USA. | ||
| 516 | _aElectronic text | ||
| 653 | _aBible. Old Testament -- Biography -- Juvenile literature | ||
| 653 | _aBible stories -- Old Testament | ||
| 653 | _aRuth (Biblical figure) -- Juvenile literature | ||
| 830 | 0 |
_aProject Gutenberg _v31018 |
|
| 856 | 4 | 0 | _uhttp://www.gutenberg.org/ebooks/31018 |
| 942 | _cEB | ||
| 999 |
_c260273 _d260273 |
||